[Event "GRE-chT Online Rapid op 1st"]
[Site "Tornelo INT"]
[Date "2021.02.20"]
[Round "4.30"]
[White "Limnaios, Emmanouil"]
[Black "Andreolas, Gavriil"]
[Result "0-1"]
[WhiteElo "1127"]
[BlackElo "1432"]
[PlyCount "34"]
[EventDate "2021.02.20"]
[EventType "team-swiss (rapid)"]
[EventRounds "9"]
[EventCountry "GRE"]
[SourceTitle "EXT 2023"]
[Source "ChessBase"]
[SourceDate "2022.10.05"]
[SourceVersion "1"]
[SourceVersionDate "2022.10.05"]
[SourceQuality "1"]

1. d4 e6 2. Bf4 f5 3. e4 fxe4 4. Nc3 Nf6 5. Qe2 Bb4 6. Bg5 d5 7. Nh3 Nc6 8. 0-0-0 Bxc3 9. bxc3 0-0 10. Nf4 Qd6 11. g3 Qa3+ 12. Kb1 Qxc3 13. Bxf6 Rxf6 14. Nh5 Qb4+ 15. Ka1 Rf3 16. Bg2 Nxd4 17. Rb1 Qc3+ 0-1